00849nam a2200217 a 4500001001000000003000400010005001700014008004100031040002500072082001900097100002800116245002900144260005000173300002100223500006200244590002600306942001400332952016500346952010300511999001700614000033962OSt20201208141100.0110915s1911 dr 000 0 spa d aDO-SdBNPbspacBNPHU 4aRD864.4bB533a1 aBerroa, Quiterio95899410aAlgo /cQuiterio Berroa. aSanto Domingo :bLa cuna de América,c1911. a214 p. ;c22 cm. aLa biblioteca posee un ejemplar autografiado por el autor aInventariado, 2019/DG 2ddccLBS1 00102ddc708PDaPDbPDcOId2011-09-15iLF1l0oRD864.4 B533ap33962-10r2020-06-25w2020-06-25yLFPDzPerteneció a la biblioteca de Julio Ortega Frier  00102ddc708PDaPDbPDcOId2011-09-15iLF1l0oxxx B533p33963-10r2020-06-25w2020-06-25yLFPD c33453d33453